Online
Catalog

Mujer campesina ... : (Record no. 24920)

MARC details
000 -CABECERA
campo de control de longitud fija 01436nam a2200289 a 4500
001 - NÚMERO DE CONTROL
campo de control 000025428
003 - IDENTIFICADOR DEL NÚMERO DE CONTROL
campo de control DO-SdBNP
005 - FECHA Y HORA DE LA ÚLTIMA TRANSACCIÓN
campo de control 20250428113921.0
007 - CAMPO FIJO DE DESCRIPCIÓN FÍSICA--INFORMACIÓN GENERAL
campo de control de longitud fija ta
008 - DATOS DE LONGITUD FIJA--INFORMACIÓN GENERAL
campo de control de longitud fija 110216s1992 dr ac 000 0 spa d
040 ## - FUENTE DE LA CATALOGACIÓN
Centro catalogador/agencia de origen DO-SdBNP
Lengua de catalogación spa
Centro/agencia transcriptor BNPHU
082 ## - NÚMERO DE LA CLASIFICACIÓN DECIMAL DEWEY
Número de clasificación 305.4363
Número de documento/Ítem G643m
Número de edición 22
100 1# - ENTRADA PRINCIPAL--NOMBRE DE PERSONA
Nombre de persona González del Valle Ávalos, Manuel
9 (RLIN) 52033
245 10 - MENCIÓN DE TÍTULO
Título Mujer campesina ... :
Resto del título ... talento olvidado del desarrollo rural /
Mención de responsabilidad, etc. Manuel González del Valle A.
260 ## - PUBLICACIÓN, DISTRIBUCIÓN, ETC.
Lugar de publicación, distribución, etc. Santo Domingo :
Nombre del editor, distribuidor, etc. Corripio,
Fecha de publicación, distribución, etc. 1992.
300 ## - DESCRIPCIÓN FÍSICA
Extensión 127 p. :
Otras características físicas il., retr. ;
Dimensiones 24 cm.
500 ## - NOTA GENERAL
Nota general Incluye bibliografía y notas al pie de páginas.
504 ## - NOTA DE BIBLIOGRAFÍA, ETC.
Nota de bibliografía, etc. Bibliografía : p. 120-127
505 0# - NOTA DE CONTENIDO CON FORMATO
Información miscelánea Una nueva esperanza --
-- Prólogo reciente --
-- A manera de prólogo --
Título Introducción --
-- Albores y olvidos --
-- Realidades y vivencias --
-- Proyecciones y esperanzas --
-- A manera de epílogo: Pinceladas en República Dominicana --
-- Apéndice: Un modelo de desarrollo rural integrado. La familia campesina vista por el campesinado --
Información miscelánea Bibliografía.
586 ## - NOTA DE PREMIOS
Nota de premios Premio en el concurso literario "Presidente Antonio Ortíz Mena", en el homenaje al Año Internacional de la Mujer. Organizado por el IDB Staff Asociation.
590 ## - NOTA LOCAL (RLIN)
Nota local Inventariado, 2018/MFF
650 #0 - PUNTO DE ACCESO ADICIONAL DE MATERIA--TÉRMINO DE MATERIA
Término de materia o nombre geográfico como elemento de entrada Mujeres en desarrollo rural
9 (RLIN) 21070
650 #0 - PUNTO DE ACCESO ADICIONAL DE MATERIA--TÉRMINO DE MATERIA
Término de materia o nombre geográfico como elemento de entrada Mujeres campesinas
9 (RLIN) 46973
650 #0 - PUNTO DE ACCESO ADICIONAL DE MATERIA--TÉRMINO DE MATERIA
Término de materia o nombre geográfico como elemento de entrada Mujeres en desarrollo
9 (RLIN) 48095
910 ## - DATOS DE OPCIÓN DEL USUARIO (OCLC)
Datos de opción del usuario Validado. Control de calidad EMS.
942 ## - ELEMENTOS DE PUNTO DE ACCESO ADICIONAL (KOHA)
Fuente del sistema de clasificación o colocación Dewey Decimal Classification
Tipo de ítem Koha Libro
Holdings
Estado de retiro Estado de pérdida Restricciones de uso No para préstamo Código de colección Localización permanente Ubicación/localización actual Ubicación en estantería Fecha de adquisición Número de inventario Total de préstamos Signatura topográfica completa Código de barras Fecha visto por última vez Número de copia Precio válido a partir de Tipo de ítem Koha Fuente del sistema de clasificación o colocación
    Préstamo en sala   Dominicana de Servicio Biblioteca Nacional Pedro Henríquez Ureña Biblioteca Nacional Pedro Henríquez Ureña En catalogación 15.03.2023     BNPHU DS 305.4363 G643m 2023-1180 15.03.2023 e.4 15.03.2023 Libro Dewey Decimal Classification
        Dominicana de Servicio General General Depósito 23.03.2011 LF1   305.4363 G643m 25428-30 25.06.2020 e. 3 25.06.2020 Libro y Folleto Colección Dominicana de Servicio  
      Excluido de préstamo Patrimonio Dominicano Patrimonio Dominicano Patrimonio Dominicano Depósito 16.02.2011 LF1   305.4363 G643m 25428-10 25.06.2020   25.06.2020 Libro y Folleto Colección Patrimonio Dominicano  
      Excluido de préstamo Patrimonio Dominicano Patrimonio Dominicano Patrimonio Dominicano Depósito 23.03.2011 LF1   305.4363 G643m 25428-20 25.06.2020 e. 2 25.06.2020 Libro y Folleto Colección Patrimonio Dominicano  

Powered by Koha